[Event "St Petersburg Spring op"]
[Site "St Petersburg"]
[Date "2012.03.24"]
[Round "3"]
[White "Petruchuk, Mikhail"]
[Black "Golovenchits, Boris"]
[Result "0-1"]
[WhiteElo "1724"]
[BlackElo "1972"]
[PlyCount "62"]
[EventDate "2012.03.22"]
[EventType "swiss"]
[EventRounds "9"]
[EventCountry "RUS"]
[SourceTitle "EXT 2013"]
[Source "ChessBase"]
[SourceDate "2012.11.22"]
[SourceVersion "1"]
[SourceVersionDate "2012.11.22"]
[SourceQuality "1"]

1. e4 c5 2. Nf3 Nc6 3. d4 cxd4 4. Nxd4 Nf6 5. Nc3 e6 6. Bg5 h6 7. Bh4 Qb6 8. Nb3 Bb4 9. Bxf6 gxf6 10. Qf3 Ke7 11. 0-0-0 Ne5 12. Qg3 Bxc3 13. Qxc3 Qxf2 14. Qb4+ Ke8 15. Nc5 b6 16. Na6 Bxa6 17. Bxa6 Qc5 18. Qxc5 bxc5 19. Rhf1 Ke7 20. h3 h5 21. Rf2 Rab8 22. Rdf1 Rh6 23. Be2 h4 24. b3 a5 25. c4 a4 26. Kc2 Rg6 27. Bh5 Rg5 28. Be2 axb3+ 29. axb3 Rg3 30. Rb1 Re3 31. Bf3 Nc6 0-1

[Event "St Petersburg Autumn op"]
[Site "St Petersburg"]
[Date "2011.10.30"]
[Round "3"]
[White "Golovenchits, Boris"]
[Black "Chernyak, Viktoria"]
[Result "1-0"]
[WhiteElo "1967"]
[BlackElo "1808"]
[PlyCount "89"]
[EventDate "2011.10.28"]
[EventType "swiss"]
[EventRounds "9"]
[EventCountry "RUS"]
[SourceTitle "EXT 2013"]
[Source "ChessBase"]
[SourceDate "2012.11.22"]
[SourceVersion "1"]
[SourceVersionDate "2012.11.22"]
[SourceQuality "1"]

1. d4 Nf6 2. Nf3 g6 3. c4 Bg7 4. Nc3 d6 5. e4 0-0 6. Be2 Nbd7 7. Bf4 b6 8. 0-0 Bb7 9. Qc2 Re8 10. Rfd1 Nh5 11. Bg5 Qc8 12. Rac1 e5 13. Nd5 Nhf6 14. dxe5 dxe5 15. b4 c6 16. Nxf6+ Bxf6 17. c5 Be7 18. Bxe7 Rxe7 19. Rd6 Qc7 20. Rcd1 Nf8 21. Bc4 Rae8 22. Qd2 Bc8 23. Ng5 Ne6 24. Nxe6 Bxe6 25. Bxe6 fxe6 26. Qc3 Rf7 27. Qxe5 a5 28. a3 axb4 29. axb4 bxc5 30. Qxc5 Ref8 31. f3 Qe7 32. Rxc6 Qf6 33. Rc8 Rxc8 34. Qxc8+ Rf8 35. Qd7 h5 36. h3 g5 37. Qd4 Qf4 38. Qd2 Qe5 39. Qd3 Qf6 40. b5 Kh8 41. Qd4 e5 42. Qd6 Qf7 43. Rd5 Kg8 44. Qxe5 Qh7 45. Kh2 1-0

[Event "St Petersburg Autumn op"]
[Site "St Petersburg"]
[Date "2011.10.29"]
[Round "2"]
[White "Pimenov, Revolt"]
[Black "Golovenchits, Boris"]
[Result "1-0"]
[WhiteElo "2179"]
[BlackElo "1967"]
[PlyCount "61"]
[EventDate "2011.10.28"]
[EventType "swiss"]
[EventRounds "9"]
[EventCountry "RUS"]
[SourceTitle "EXT 2013"]
[Source "ChessBase"]
[SourceDate "2012.11.22"]
[SourceVersion "1"]
[SourceVersionDate "2012.11.22"]
[SourceQuality "1"]

1. Nf3 d5 2. d4 Nf6 3. g3 e6 4. Bg2 Be7 5. c4 dxc4 6. Qa4+ Nbd7 7. 0-0 0-0 8. Qxc4 Nb6 9. Qc2 Bd7 10. Ne5 Bb5 11. Bxb7 Qxd4 12. Bxa8 Qxe5 13. Bf3 Nfd5 14. Nc3 Nxc3 15. Qxc3 Qxc3 16. bxc3 Bf6 17. Bf4 e5 18. Be3 e4 19. Bxe4 Bxe2 20. Rfc1 Rd8 21. Rab1 Bc4 22. a4 g5 23. a5 Nd5 24. Bd4 Be7 25. Bxa7 Nf6 26. Bg2 Rd2 27. Be3 Ra2 28. Ra1 Rxa1 29. Rxa1 Nd5 30. Bxd5 Bxd5 31. a6 1-0

[Event "St Petersburg Autumn op"]
[Site "St Petersburg"]
[Date "2011.10.28"]
[Round "1"]
[White "Golovenchits, Boris"]
[Black "Lazarev, Alexandr"]
[Result "1-0"]
[WhiteElo "1967"]
[BlackElo "2007"]
[PlyCount "32"]
[EventDate "2011.10.28"]
[EventType "swiss"]
[EventRounds "9"]
[EventCountry "RUS"]
[SourceTitle "EXT 2013"]
[Source "ChessBase"]
[SourceDate "2012.11.22"]
[SourceVersion "1"]
[SourceVersionDate "2012.11.22"]
[SourceQuality "1"]

1. d4 d5 2. c4 c6 3. cxd5 cxd5 4. Nc3 Nc6 5. e4 dxe4 6. d5 Ne5 7. Qa4+ Nd7 8. Qxe4 Ngf6 9. Qa4 g6 10. Bg5 Bg7 11. 0-0-0 0-0 12. Nf3 a6 13. Qa3 Rb8 14. Bf4 Ra8 15. Bc4 Nb6 16. Bb3 Bd7 1-0

[Event "St Petersburg June op"]
[Site "St Petersburg"]
[Date "2008.06.28"]
[Round "8"]
[White "Stroganov, Anatoly"]
[Black "Golovenchits, Boris"]
[Result "1/2-1/2"]
[WhiteElo "1946"]
[BlackElo "2034"]
[PlyCount "54"]
[EventDate "2008.06.21"]
[EventType "swiss"]
[EventRounds "9"]
[EventCountry "RUS"]
[SourceTitle "CBM 125 Extra"]
[Source "ChessBase"]
[SourceDate "2008.09.01"]
[SourceVersion "1"]
[SourceVersionDate "2008.09.01"]
[SourceQuality "1"]

1. Nf3 d5 2. e3 Nf6 3. b3 e6 4. Bb2 Bd6 5. Bb5+ c6 6. Be2 Nbd7 7. 0-0 Qe7 8. d3 b6 9. Nbd2 Bb7 10. Ng5 c5 11. f4 e5 12. f5 Rd8 13. Nh3 h6 14. Nf2 e4 15. d4 cxd4 16. Bxd4 a5 17. Nb1 Bc5 18. c3 Ne5 19. b4 Bxd4 20. cxd4 Nc4 21. Bxc4 dxc4 22. bxa5 Nd5 23. Qd2 bxa5 24. Nc3 Nxc3 25. Qxc3 Ra8 26. Ng4 Qg5 27. Ne5 Bd5 1/2-1/2

[Event "St Petersburg June op"]
[Site "St Petersburg"]
[Date "2008.06.25"]
[Round "5"]
[White "Golovenchits, Boris"]
[Black "Malinovsky, Ilya"]
[Result "0-1"]
[WhiteElo "2034"]
[BlackElo "1910"]
[PlyCount "98"]
[EventDate "2008.06.21"]
[EventType "swiss"]
[EventRounds "9"]
[EventCountry "RUS"]
[SourceTitle "CBM 125 Extra"]
[Source "ChessBase"]
[SourceDate "2008.09.01"]
[SourceVersion "1"]
[SourceVersionDate "2008.09.01"]
[SourceQuality "1"]

1. d4 Nf6 2. c4 c5 3. d5 b5 4. Nf3 g6 5. Qc2 d6 6. e4 Bg7 7. Nc3 a6 8. Be2 0-0 9. 0-0 bxc4 10. Bxc4 Nbd7 11. h3 Nb6 12. Be2 Bd7 13. Rd1 Qc7 14. Bf4 Qb7 15. g4 Rfb8 16. Nd2 Ne8 17. Rab1 Nc8 18. Nc4 Qb4 19. Bd2 Bd4 20. Kg2 Nc7 21. b3 Qb7 22. a4 Nb6 23. Na5 Qc8 24. Bg5 f6 25. Bf4 g5 26. Bg3 Qe8 27. Bf3 Qg6 28. Qd3 Re8 29. Ne2 Be5 30. Bxe5 fxe5 31. Ng3 Rf8 32. Rbc1 Rf7 33. Be2 Raf8 34. f3 Ra8 35. Rh1 Raf8 36. Rcf1 Bc8 37. Qd2 e6 38. dxe6 Nxe6 39. Nh5 Nf4+ 40. Nxf4 Rxf4 41. Rd1 d5 42. exd5 Rd4 43. Qb2 Nxd5 44. Rxd4 cxd4 45. Bc4 Be6 46. Re1 Qf6 47. Be2 Ne3+ 48. Kg1 Qf4 49. Bf1 Qg3+ 0-1

[Event "St Petersburg White Nights op"]
[Site "St Petersburg"]
[Date "2007.06.29"]
[Round "5"]
[White "Mironovich, Mark"]
[Black "Golovenchits, Boris"]
[Result "0-1"]
[WhiteElo "1946"]
[BlackElo "2043"]
[PlyCount "66"]
[EventDate "2007.06.25"]
[EventType "swiss"]
[EventRounds "9"]
[EventCountry "RUS"]
[SourceTitle "CBM 119 Extra"]
[Source "ChessBase"]
[SourceDate "2007.09.04"]
[SourceVersion "1"]
[SourceVersionDate "2007.09.04"]
[SourceQuality "1"]

1. d4 d5 2. c4 c6 3. Nf3 Nf6 4. e3 dxc4 5. Bxc4 Bf5 6. Qb3 Qa5+ 7. Bd2 Qb6 8. Bxf7+ Kd8 9. Ne5 Nfd7 10. Nxd7 Kxd7 11. Bc4 e6 12. Nc3 Bd6 13. f3 e5 14. Qxb6 axb6 15. e4 exd4 16. Ne2 Be6 17. Bxe6+ Kxe6 18. Nxd4+ Kd7 19. Nf5 Be5 20. Bc3 Bxc3+ 21. bxc3 Rd8 22. Ke2 Ra3 23. Rhc1 g6 24. Ne3 b5 25. Rc2 Ke6 26. c4 b4 27. Rb2 c5 28. Rd1 Rxe3+ 29. Kxe3 Rxd1 30. a3 bxa3 31. Ra2 Rd4 32. Rxa3 Rxc4 33. Ra7 Rb4 0-1

[Event "St Petersburg Autumn op"]
[Site "St Petersburg"]
[Date "2005.11.04"]
[Round "7"]
[White "Golovenchits, Boris"]
[Black "Khatenever, Feliks"]
[Result "1/2-1/2"]
[WhiteElo "2087"]
[BlackElo "2049"]
[PlyCount "140"]
[EventDate "2005.10.29"]
[EventType "swiss"]
[EventRounds "9"]
[EventCountry "RUS"]
[SourceTitle "EXT 2006"]
[Source "ChessBase"]
[SourceDate "2005.11.24"]
[SourceVersion "1"]
[SourceVersionDate "2005.11.24"]
[SourceQuality "1"]

1. d4 Nf6 2. c4 g6 3. Nc3 d5 4. cxd5 Nxd5 5. e4 Nxc3 6. bxc3 c5 7. Bb5+ Bd7 8. Be2 Bg7 9. Nf3 0-0 10. 0-0 Nc6 11. Be3 cxd4 12. cxd4 Bg4 13. e5 Rc8 14. Qa4 Qa5 15. Qxa5 Nxa5 16. Rac1 a6 17. Rfd1 e6 18. Kf1 b5 19. h3 Bf5 20. Ne1 Be4 21. a4 Nc4 22. Bxc4 bxc4 23. f3 Bd5 24. Rb1 Rb8 25. Bd2 Rb3 26. Rxb3 cxb3 27. Rb1 Rc8 28. Ke2 Bf8 29. Ke3 Ba3 30. Nd3 Rc2 31. Bb4 Bxb4 32. Nxb4 Rxg2 33. Nxd5 exd5 34. Rxb3 Ra2 35. Rb8+ Kg7 36. Rd8 Rxa4 37. Rxd5 Ra3+ 38. Kf4 a5 39. Rd7 Kf8 40. d5 h6 41. e6 fxe6 42. dxe6 a4 43. Ra7 g5+ 44. Ke4 Ra1 45. Ke5 Rd1 46. Rf7+ Ke8 47. Ke4 a3 48. Ra7 Re1+ 49. Kf5 Re3 50. Kg4 Kf8 51. Rf7+ Kg8 52. Ra7 Rxe6 53. Rxa3 Kg7 54. Kh5 Rf6 55. h4 gxh4 56. Kxh4 Kg6 57. Kg3 Rf5 58. f4 Rf6 59. Ra5 Rc6 60. Kg4 Rb6 61. Re5 Rb1 62. f5+ Kg7 63. Re7+ Kf6 64. Re6+ Kg7 65. Rg6+ Kh7 66. Kf4 Rb4+ 67. Kg3 h5 68. Rc6 h4+ 69. Kh3 Kg7 70. Rg6+ Kf7 1/2-1/2

[Event "St Petersburg Autumn op"]
[Site "St Petersburg"]
[Date "2005.10.31"]
[Round "3"]
[White "Golovenchits, Boris"]
[Black "Kostrov, Yaroslav"]
[Result "0-1"]
[WhiteElo "2087"]
[BlackElo "2023"]
[PlyCount "82"]
[EventDate "2005.10.29"]
[EventType "swiss"]
[EventRounds "9"]
[EventCountry "RUS"]
[SourceTitle "EXT 2006"]
[Source "ChessBase"]
[SourceDate "2005.11.24"]
[SourceVersion "1"]
[SourceVersionDate "2005.11.24"]
[SourceQuality "1"]

1. d4 e6 2. c4 d5 3. Nf3 Nf6 4. Nc3 Be7 5. Bg5 h6 6. Bxf6 Bxf6 7. e3 0-0 8. Rc1 dxc4 9. Bxc4 b6 10. Qe2 Bb7 11. 0-0 Qe7 12. e4 g6 13. e5 Bg7 14. Ne4 Rd8 15. a3 Nc6 16. Rfd1 Na5 17. Ba2 h5 18. b4 Nc6 19. Rc3 Nxe5 20. Rdc1 Nxf3+ 21. Qxf3 Bxe4 22. Qxe4 Bxd4 23. Rxc7 Qf6 24. Rf1 Be5 25. Rc6 Rd4 26. Qc2 Rad8 27. Rc8 Kg7 28. Rxd8 Qxd8 29. Qe2 Bf6 30. Bc4 Qc7 31. Bb5 Qc3 32. Qe3 Rd2 33. Qe4 Qxa3 34. Qb7 Qxb4 35. Be8 Qe7 36. Qxe7 Bxe7 37. g3 Bc5 38. Bb5 Rb2 39. Bd3 b5 40. Rb1 Bxf2+ 41. Kf1 Rxb1+ 0-1

[Event "St Petersburg White Nights op"]
[Site "St Petersburg"]
[Date "2005.06.21"]
[Round "4"]
[White "Golovenchits, Boris"]
[Black "Gritsenko, Andrey"]
[Result "0-1"]
[WhiteElo "2099"]
[BlackElo "2240"]
[PlyCount "52"]
[EventDate "2005.06.18"]
[EventType "swiss"]
[EventRounds "9"]
[EventCountry "RUS"]
[SourceTitle "CBM 106 Extra"]
[Source "ChessBase"]
[SourceDate "2005.07.01"]
[SourceVersion "1"]
[SourceVersionDate "2005.07.01"]
[SourceQuality "1"]

1. d4 Nf6 2. Nf3 g6 3. g3 Bg7 4. Bg2 0-0 5. 0-0 d6 6. c4 Nbd7 7. Nc3 e5 8. e4 c6 9. b3 Re8 10. h3 exd4 11. Nxd4 Nc5 12. Re1 a5 13. Bf4 Nh5 14. Be3 Qe7 15. Qc2 Bd7 16. Rab1 Rad8 17. a3 Bc8 18. b4 axb4 19. axb4 Ne6 20. Nce2 Ng5 21. g4 Nxh3+ 22. Bxh3 Qh4 23. Kg2 Bxg4 24. Rh1 Rxe4 25. Ng3 Rxe3 26. Bxg4 Rxg3+ 0-1

[Event "St Petersburg Chigorin CC-ch"]
[Site "St Petersburg"]
[Date "2005.05.20"]
[Round "5"]
[White "Golovenchits, Boris"]
[Black "Malakhov, Igor"]
[Result "1/2-1/2"]
[WhiteElo "2095"]
[BlackElo "2197"]
[PlyCount "108"]
[EventDate "2005.05.16"]
[EventType "swiss"]
[EventRounds "9"]
[EventCountry "RUS"]
[SourceTitle "EXT 2006"]
[Source "ChessBase"]
[SourceDate "2005.11.24"]
[SourceVersion "1"]
[SourceVersionDate "2005.11.24"]
[SourceQuality "1"]

1. d4 Nf6 2. Nf3 e6 3. g3 b6 4. Bg2 Bb7 5. 0-0 Be7 6. c4 0-0 7. Bf4 c5 8. dxc5 Bxc5 9. Bd6 Bxd6 10. Qxd6 Ne4 11. Qf4 Qf6 12. Qxf6 Nxf6 13. Nc3 Nc6 14. Rfd1 Rfd8 15. Nd4 Na5 16. b3 Bxg2 17. Kxg2 d5 18. cxd5 Nxd5 19. Nxd5 Rxd5 20. e4 Rd7 21. Nf3 Rad8 22. Rxd7 Rxd7 23. Rc1 f6 24. e5 Kf7 25. h4 Kg6 26. b4 Nb7 27. Rc4 Nd8 28. a4 Rd5 29. exf6 gxf6 30. Rc7 a5 31. b5 e5 32. h5+ Kxh5 33. Rxh7+ Kg6 34. Rc7 Kf5 35. Nh4+ Ke6 36. Rc4 Rd4 37. Rxd4 exd4 38. f4 Kd5 39. Kf3 Ne6 40. g4 Kc4 41. Ke4 d3 42. Nf3 Kc3 43. Ke3 Kb4 44. f5 Nc5 45. g5 fxg5 46. Nxg5 Kxa4 47. f6 Kxb5 48. f7 Nd7 49. Nf3 Kc5 50. Ne5 Nf8 51. Kxd3 b5 52. Kc3 Kd5 53. Nf3 Nd7 54. Kb3 Ke4 1/2-1/2

[Event "St Petersburg White Nights op2"]
[Site "St Petersburg"]
[Date "2002.??.??"]
[Round "3"]
[White "Golovenchits, Boris"]
[Black "Nikolaev, Vadim S"]
[Result "0-1"]
[WhiteElo "2121"]
[BlackElo "2215"]
[PlyCount "80"]
[EventDate "2002.??.??"]
[EventType "swiss"]
[EventRounds "9"]
[EventCountry "RUS"]
[SourceTitle "EXT 2003"]
[Source "ChessBase"]
[SourceDate "2002.11.25"]
[SourceVersion "1"]
[SourceVersionDate "2002.11.25"]
[SourceQuality "1"]

1. d4 Nf6 2. c4 e6 3. Nf3 d5 4. Nc3 Be7 5. Bg5 c6 6. e3 Nbd7 7. cxd5 exd5 8. Bd3 0-0 9. Qc2 Re8 10. 0-0 h6 11. Bh4 Ne4 12. Bxe7 Qxe7 13. Rab1 a5 14. a3 Nd6 15. Rfe1 Ne4 16. b4 axb4 17. axb4 Ra3 18. Bxe4 dxe4 19. Nd2 Nf6 20. Qb2 Ra8 21. Ra1 Bd7 22. Ra5 Rxa5 23. bxa5 Bc8 24. Rb1 Qe6 25. Ra1 Qf5 26. Qc2 h5 27. Nf1 Qg4 28. Qe2 Qg5 29. Kh1 Ng4 30. Ra3 h4 31. h3 Nh6 32. Qc4 Kh8 33. d5 cxd5 34. Qxd5 Qf6 35. Qd4 Qxf2 36. Ra1 Bxh3 37. gxh3 Nf5 38. Qd1 Ng3+ 39. Nxg3 hxg3 40. Qh5+ Kg8 0-1

[Event "St Petersburg White Nights op2"]
[Site "St Petersburg"]
[Date "2002.??.??"]
[Round "6"]
[White "Golovenchits, Boris"]
[Black "Timchenko, Aleksandr"]
[Result "1-0"]
[WhiteElo "2121"]
[BlackElo "2110"]
[PlyCount "121"]
[EventDate "2002.??.??"]
[EventType "swiss"]
[EventRounds "9"]
[EventCountry "RUS"]
[SourceTitle "EXT 2003"]
[Source "ChessBase"]
[SourceDate "2002.11.25"]
[SourceVersion "1"]
[SourceVersionDate "2002.11.25"]
[SourceQuality "1"]

1. d4 d5 2. c4 c6 3. Nc3 Nf6 4. Nf3 g6 5. cxd5 cxd5 6. Bf4 Bg7 7. e3 0-0 8. h3 Nc6 9. Bb5 Bf5 10. Bxc6 bxc6 11. 0-0 Ne4 12. Na4 c5 13. dxc5 Qa5 14. Rc1 Rac8 15. c6 f6 16. a3 e5 17. Bh2 Be6 18. b4 Qb5 19. Nc5 Bf7 20. Qa4 Qxc6 21. Qxc6 Rxc6 22. Nxe4 Rxc1 23. Nxf6+ Bxf6 24. Rxc1 Re8 25. Bg3 e4 26. Nd4 Bxd4 27. exd4 e3 28. fxe3 Rxe3 29. Be5 Be6 30. Rc6 Bf5 31. Ra6 h5 32. g4 hxg4 33. hxg4 Bd3 34. Rxa7 Re4 35. a4 Rxg4+ 36. Kf2 Re4 37. b5 Re2+ 38. Kf3 Rb2 39. Kf4 Kf8 40. Bd6+ Ke8 41. Ke5 Re2+ 42. Kxd5 Be4+ 43. Kc5 Rc2+ 44. Kb6 Kd8 45. Re7 Bf3 46. Re3 Bd5 47. Re5 Bf3 48. a5 Kd7 49. Bc5 Re2 50. a6 Ra2 51. d5 Kc8 52. a7 Kd7 53. Re7+ Kd8 54. Kc6 g5 55. Rg7 Bh5 56. Rg8+ Be8+ 57. Rxe8+ Kxe8 58. b6 Ra6 59. Kb7 Ra5 60. a8Q+ Rxa8 61. Kxa8 1-0

[Event "St Petersburg White Nights op2"]
[Site "St Petersburg"]
[Date "2002.??.??"]
[Round "5"]
[White "Ivanov, Alexey"]
[Black "Golovenchits, Boris"]
[Result "1-0"]
[WhiteElo "2462"]
[BlackElo "2121"]
[PlyCount "85"]
[EventDate "2002.??.??"]
[EventType "swiss"]
[EventRounds "9"]
[EventCountry "RUS"]
[SourceTitle "EXT 2003"]
[Source "ChessBase"]
[SourceDate "2002.11.25"]
[SourceVersion "1"]
[SourceVersionDate "2002.11.25"]
[SourceQuality "1"]

1. e4 c5 2. Nf3 Nc6 3. d4 cxd4 4. Nxd4 Nf6 5. Nc3 d6 6. Be3 Ng4 7. Bb5 Nxe3 8. fxe3 Bd7 9. 0-0 e6 10. Bxc6 bxc6 11. Qf3 Qf6 12. Qe2 Qd8 13. e5 d5 14. Qf3 Qe7 15. b4 g6 16. b5 c5 17. e4 Bg7 18. exd5 0-0 19. Nc6 Bxc6 20. dxc6 Bxe5 21. Rae1 Bd4+ 22. Kh1 Rab8 23. a4 Qc7 24. Ne4 Qe7 25. c3 Be5 26. Qe3 c4 27. Qc5 Qxc5 28. Nxc5 Bxc3 29. Rc1 Ba5 30. Nd7 c3 31. Nxb8 Rxb8 32. Rfd1 Kg7 33. Rd7 a6 34. Rb7 Rc8 35. g3 Kf6 36. c7 Ke5 37. b6 Kd4 38. Rb8 Rxc7 39. bxc7 Bxc7 40. Rd1+ Ke3 41. Rc8 Ba5 42. Rd7 e5 43. Rc5 1-0